8 mots dans mots : don (mort subite) - Statistiques

Statistiques générales
  • Ce quiz a été pris 19 fois
  • Le résultat moyen est 6 sur 8
Answers on the Grid
Answers color-coded by a green-red scale on the quiz's grid according to % correct below.
P---identiellement
Prési---ts - directeurs
Désami---ner
Radio - ident---cation
Jurispruden---lle
Coor---natrice
Bour---ner
Assurance - a---dents
Subor---ner
Aban---ner
Contre - déno---ations
Echar---ner
O---dentaliser
Sar---iquement
S---ntariser
Réor---nancer
 
Statistiques - réponses
Réponse % Correct
Aban---ner
94%
Subor---ner
94%
Bour---ner
89%
Désami---ner
83%
Echar---ner
72%
Réor---nancer
72%
Coor---natrice
56%
Sar---iquement
39%
Aucun quiz correspondant
Distribution des résultats
% des personnes avec chaque résultat
Percentile par nombre de réponses
Votre historique - résultats
Vous n’avez pas pris ce quiz